Encuesta nacional sobre sexualidad y embarazo adolescentes /

Na minha lista:
Detalhes bibliográficos
Autor principal: Muñoz Chacón, Sergio
Autor Corporativo: Costa Rica. Ministerio de Cultura, Juventud y Deportes. Centro Nacional para el Desarrollo de la Mujer y la Familia
Outros Autores: Bolaños Chacón, Patricia, Calderón Saravia, Ana Lucía
Formato: Texto
Publicado em: San José: MCJD. CMF
Assuntos:
Tags: Adicionar Tag
Sem tags, seja o primeiro a adicionar uma tag!

MARC

LEADER 00000 a a2200000 04500
001 11957
003
040
090 |a 141200  
100 |a Muñoz Chacón, Sergio  
110 |a Costa Rica. Ministerio de Cultura, Juventud y Deportes. Centro Nacional para el Desarrollo de la Mujer y la Familia  
245 |a Encuesta nacional sobre sexualidad y embarazo adolescentes /  |c Sergio Muñoz Chacón 
260 |a San José:   |b MCJD. CMF  
300 |a viii, 108 p  
300 |b **no definido**   |b fonodiscos  
650 |a SEXUALIDAD  
650 |a ADOLESCENTES  
650 |a EMBARAZO  
650 |a MATERNIDAD  
650 |a PATERNIDAD  
650 |a IDENTIDAD CULTURAL  
650 |a HOMBRES  
650 |a MUJERES  
650 |a ENCUESTAS  
650 |a ADOLESCENTES  
650 |a EMBARAZO  
650 |a FAMILIA  
650 |a TRABAJO  
650 |a RELIGION  
650 |a METODOS ANTICONCEPTIVOS  
650 |a SEXUALIDAD  
650 |a VIRGINIDAD  
650 |a COMPORTAMIENTO SEXUAL  
700 |a Bolaños Chacón, Patricia  
700 |a Calderón Saravia, Ana Lucía  
999 |c 2509  |d 2509